[Event "Bucaramanga op"]
[Site "Bucaramanga"]
[Date "2023.09.06"]
[Round "2"]
[White "Remolina Garcia, Mayra Xiomara"]
[Black "Quintero, Raul"]
[Result "1/2-1/2"]
[WhiteElo "1509"]
[BlackElo "1775"]
[PlyCount "100"]
[EventDate "2023.09.06"]
[EventType "swiss"]
[EventRounds "9"]
[EventCountry "COL"]
[SourceTitle "EXT 2024"]
[Source "ChessBase"]
[SourceDate "2023.10.10"]
[SourceVersion "1"]
[SourceVersionDate "2023.10.10"]
[SourceQuality "1"]

1. d4 c5 2. d5 g6 3. e4 d6 4. Bd3 Nf6 5. Ne2 Bg7 6. Nbc3 a6 7. 0-0 0-0 8. Bg5 h6 9. Bd2 b5 10. Qc1 Kh7 11. a3 c4 12. e5 dxe5 13. Be4 Bb7 14. Rd1 Nxe4 15. Nxe4 Qxd5 16. f3 Qc6 17. Be3 Nd7 18. N2c3 f5 19. Nf2 e6 20. Qd2 Rf7 21. Nh3 Bf8 22. Kh1 Rd8 23. Qf2 Bc5 24. Bxc5 Qxc5 25. Qh4 Kg7 26. Rd2 Nf6 27. Rad1 Nd5 28. Nxd5 exd5 29. c3 Qe3 30. Qg3 Re8 31. Ng1 Rfe7 32. Re2 Qc5 33. Nh3 Qc7 34. f4 e4 35. Re3 a5 36. Ng1 Ra8 37. Ne2 Rf7 38. Nd4 Qb6 39. Qe1 Kh7 40. Rh3 b4 41. Qh4 h5 42. cxb4 axb4 43. axb4 Ra2 44. Qf2 Qxb4 45. Ne6 Rf6 46. Ng5+ Kg7 47. Rg1 Qxb2 48. Qc5 Qb6 49. Qe7+ Kg8 50. Qe8+ Kg7 1/2-1/2

[Event "FICGS rapid B 000386 email"]
[Site "FICGS email"]
[Date "2023.02.03"]
[Round "1"]
[White "Quintero, Raul"]
[Black "Cesbron, Guy"]
[Result "1-0"]
[WhiteElo "2022"]
[BlackElo "2021"]
[PlyCount "139"]
[EventDate "2023.??.??"]
[EventType "tourn (rapid)"]
[EventRounds "6"]
[SourceTitle "Corr 2024"]
[Source "ChessBase"]
[SourceDate "2023.10.19"]
[SourceVersion "1"]
[SourceVersionDate "2023.10.19"]
[SourceQuality "1"]

1. Nf3 Nf6 2. b4 d5 3. Bb2 Bf5 4. a3 a5 5. b5 Nbd7 6. e3 e6 7. c4 Be7 8. cxd5 exd5 9. Be2 0-0 10. d3 Rc8 11. Nbd2 c5 12. 0-0 h6 13. Rc1 Re8 14. a4 Bf8 15. Re1 Bh7 16. g3 b6 17. Bf1 Qc7 18. Nh4 Rcd8 19. f4 g5 20. Ng2 Bg7 21. Nf3 gxf4 22. Nxf4 Nf8 23. Bh3 Ng6 24. Ng2 Nd7 25. Bxg7 Kxg7 26. Bf5 Nf6 27. Rc2 Nf4 28. Ngh4 Ng6 29. Rf2 Rd6 30. Qa1 Nxh4 31. Nxh4 Bg6 32. e4 dxe4 33. dxe4 Rd4 34. Rff1 Bh5 35. Qc1 Ng8 36. g4 Bg6 37. Qa1 Nf6 38. Nf3 Rb4 39. e5 Nxg4 40. Bxg6 fxg6 41. h3 Qc8 42. Kh1 Qe6 43. hxg4 Rxg4 44. Qd1 Rd4 45. Qc2 Rc4 46. Qd2 Rxa4 47. Rd1 Re7 48. Qd6 Rf4 49. Qxe6 Rxe6 50. Rd7+ Kg8 51. Kg2 g5 52. Re1 Rf5 53. Re4 h5 54. Rd5 Kf7 55. Nd2 Ke7 56. Nc4 Rf8 57. Ne3 Kf7 58. Rd7+ Kg6 59. Rd6 Kf7 60. Nc4 Ke7 61. Rd1 Rf5 62. Rd2 Rf8 63. Ne3 Rf7 64. Kg3 Ke8 65. Rh2 Rfe7 66. Nc4 Rh7 67. Re3 Kf7 68. Rd2 Ke8 69. Red3 Rhe7 70. Rf3 1-0

[Event "Bogota El Tablazo op-B"]
[Site "Bogota"]
[Date "2022.06.25"]
[Round "2.18"]
[White "Quintero, Raul"]
[Black "Rodriguez Zambrano, Jheisson Andres"]
[Result "1-0"]
[WhiteElo "1810"]
[BlackElo "1600"]
[PlyCount "59"]
[EventDate "2022.06.24"]
[EventType "swiss"]
[EventRounds "7"]
[EventCountry "COL"]
[SourceTitle "EXT 2024"]
[Source "ChessBase"]
[SourceDate "2023.10.10"]
[SourceVersion "1"]
[SourceVersionDate "2023.10.10"]
[SourceQuality "1"]

1. Nf3 c5 2. e4 d6 3. d4 cxd4 4. Nxd4 Nf6 5. Nc3 g6 6. Be3 Bg7 7. f3 0-0 8. Qd2 Nc6 9. 0-0-0 Bd7 10. Kb1 Rc8 11. h4 h5 12. Be2 Ne5 13. Bh6 Qb6 14. Bxg7 Kxg7 15. Nd5 Nxd5 16. exd5 Nc4 17. Bxc4 Rxc4 18. Rhe1 Re8 19. Re3 e5 20. dxe6 Bxe6 21. Nxe6+ fxe6 22. Rb3 Qc6 23. Qxd6 Qxd6 24. Rxd6 Re7 25. g3 Kf6 26. a3 Rec7 27. Re3 R4c6 28. Rexe6+ Kf5 29. Rxg6 Rxc2 30. Rg5# 1-0

[Event "FICGS rapid A 000283 email"]
[Site "FICGS email"]
[Date "2022.06.21"]
[Round "1"]
[White "Nimylovych, Taras"]
[Black "Quintero, Raul"]
[Result "1-0"]
[WhiteElo "2000"]
[BlackElo "1981"]
[PlyCount "191"]
[EventDate "2022.??.??"]
[EventType "tourn (rapid)"]
[EventRounds "6"]
[SourceTitle "Corr 2024"]
[Source "ChessBase"]
[SourceDate "2023.10.19"]
[SourceVersion "1"]
[SourceVersionDate "2023.10.19"]
[SourceQuality "1"]

1. e4 c5 2. Nf3 d6 3. d4 cxd4 4. Nxd4 Nf6 5. Nc3 a6 6. Be3 e5 7. Nb3 Be6 8. f3 h5 9. Qd2 Nbd7 10. Nd5 Bxd5 11. exd5 g6 12. 0-0-0 Qc7 13. Kb1 Bg7 14. Rg1 0-0 15. g4 hxg4 16. fxg4 Nb6 17. Qa5 Rac8 18. Rg2 Nc4 19. Qxc7 Rxc7 20. Bg1 b5 21. c3 Kh7 22. Nd2 Nxd2+ 23. Rdxd2 e4 24. Rd1 Re8 25. Bb6 Rb7 26. Be3 Nd7 27. a3 Be5 28. Ka2 Kh8 29. Re1 Kh7 30. Be2 Nf6 31. Rd1 Kg7 32. g5 Ng8 33. Bg4 Ne7 34. Bg1 Rc7 35. Re1 Nxd5 36. Rxe4 Rh8 37. Bd1 Nf4 38. Rd2 Rc4 39. Rxc4 bxc4 40. Bf3 f6 41. gxf6+ Kxf6 42. Bb6 Ke6 43. Bg4+ Ke7 44. Bf3 Ke6 45. h3 Nd3 46. a4 g5 47. Bg4+ Ke7 48. Bf5 Nf4 49. Rd1 d5 50. Rg1 Nd3 51. a5 Kf6 52. Rf1 Ke7 53. Rd1 Nf4 54. Rg1 Kf6 55. Bg4 Ke7 56. Bc5+ Kf7 57. Kb1 Rb8 58. Bb6 Ke7 59. Bf3 Kf6 60. Rf1 Kg6 61. Rd1 Rh8 62. Bxd5 Nxd5 63. Rxd5 Bf4 64. Rd7 Rxh3 65. Ra7 Kf5 66. Rxa6 g4 67. Ra8 Be3 68. Rc8 Rf3 69. Ka2 g3 70. Rg8 Ke4 71. Ka3 Bxb6 72. axb6 Rf6 73. b7 Ra6+ 74. Kb4 Rb6+ 75. Kxc4 Rxb7 76. Rxg3 Rxb2 77. Rg5 Rb7 78. Kc5 Rc7+ 79. Kb4 Rb7+ 80. Rb5 Rh7 81. c4 Rh1 82. Rg5 Kf4 83. Rg8 Ke5 84. Kc5 Ke6 85. Kc6 Rh6 86. Kc7 Rh1 87. c5 Rh7+ 88. Kb6 Rh2 89. Rd8 Ke7 90. Rd3 Rb2+ 91. Kc7 Ke6 92. c6 Ke7 93. Kc8 Rb4 94. c7 Rb1 95. Re3+ Kd6 96. Kd8 1-0

[Event "FICGS rapid A 000283 email"]
[Site "FICGS email"]
[Date "2022.06.21"]
[Round "1"]
[White "Salonen, Jukka"]
[Black "Quintero, Raul"]
[Result "1-0"]
[WhiteElo "1950"]
[BlackElo "1981"]
[PlyCount "199"]
[EventDate "2022.??.??"]
[EventType "tourn (rapid)"]
[EventRounds "6"]
[SourceTitle "Corr 2024"]
[Source "ChessBase"]
[SourceDate "2023.10.19"]
[SourceVersion "1"]
[SourceVersionDate "2023.10.19"]
[SourceQuality "1"]

1. d4 Nf6 2. c4 e6 3. Nf3 b6 4. g3 Bb7 5. Bg2 Be7 6. 0-0 0-0 7. Nc3 Ne4 8. Qc2 Nxc3 9. Qxc3 d6 10. b3 Nd7 11. Bb2 Be4 12. Nd2 Bxg2 13. Kxg2 c6 14. Rad1 b5 15. cxb5 cxb5 16. Qc6 Rc8 17. Qxb5 Rc2 18. Nc4 Qa8+ 19. Kg1 Nb6 20. Rd2 Qe4 21. Rxc2 Qxc2 22. Nxb6 axb6 23. Ba1 d5 24. a4 h5 25. h4 Qe4 26. Qxb6 Qxe2 27. Qc7 Ba3 28. Qc3 Rb8 29. Re1 Qa2 30. Re3 Bb4 31. Qb2 Qxb2 32. Bxb2 Rc8 33. Re2 Kf8 34. Kh1 Ke7 35. Kg2 Kd7 36. Kg1 Ke7 37. Kh1 Kd7 38. Kg2 g6 39. Kf1 Rb8 40. f4 Rc8 41. Kf2 Ke7 42. Ke3 Kd7 43. Kd3 Ba5 44. Rf2 Bb4 45. Rf1 Ba5 46. Rb1 Rc6 47. Ba1 Bb4 48. Rd1 Kc8 49. Bb2 Ba5 50. Rg1 Kd7 51. Ba1 Kc7 52. Rb1 Bb4 53. Bb2 Ba5 54. Rf1 Kd7 55. Ba1 Bb4 56. Rf3 Kd6 57. Bb2 Kc7 58. Rf1 Kb7 59. Rb1 Ba5 60. Ba1 Bb4 61. Rg1 Ba5 62. Rh1 Ka6 63. Rb1 Bb4 64. Rf1 Ba5 65. Bb2 Kb7 66. Rc1 Rxc1 67. Bxc1 Be1 68. f5 exf5 69. Bf4 Kc6 70. Ke2 Bc3 71. Be5 Kd7 72. Ke3 Bb4 73. Kd3 Kc6 74. Ke2 Ba5 75. Kf3 Bc3 76. Bf6 Bb4 77. Bg5 Bc3 78. Ke3 Be1 79. Bf4 Bc3 80. Bh6 Be1 81. Kf3 Bc3 82. Bg7 Bb4 83. Bf6 Kd7 84. Ke2 Bc3 85. Be5 Kc6 86. Kf3 Be1 87. Kg2 Bc3 88. Kf2 Ba5 89. Bf4 Bc3 90. Ke3 Be1 91. Kd3 f6 92. Ke3 Kd7 93. Ke2 Bc3 94. Be3 Kc7 95. Kf2 Kd6 96. Kf3 Kd7 97. Kf4 Kc6 98. Bf2 Kb6 99. Ke3 Ka5 100. Kd3 1-0

[Event "FICGS rapid B 000377 email"]
[Site "FICGS email"]
[Date "2022.03.24"]
[Round "1"]
[White "Quintero, Raul"]
[Black "Trigance, Emile"]
[Result "1-0"]
[WhiteElo "1936"]
[BlackElo "1804"]
[PlyCount "73"]
[EventDate "2022.??.??"]
[EventType "tourn (rapid)"]
[EventRounds "6"]
[SourceTitle "Corr 2024"]
[Source "ChessBase"]
[SourceDate "2023.10.19"]
[SourceVersion "1"]
[SourceVersionDate "2023.10.19"]
[SourceQuality "1"]

1. Nf3 d6 2. e4 c5 3. d4 cxd4 4. Nxd4 Nf6 5. Nc3 a6 6. f3 e5 7. Nb3 Be6 8. Be3 Be7 9. Qd2 0-0 10. 0-0-0 Nbd7 11. g4 Rc8 12. Kb1 b5 13. g5 Nh5 14. h4 Nb6 15. Qf2 Nc4 16. Bxc4 Bxc4 17. a3 d5 18. Nxd5 Bxd5 19. Nc1 Qc7 20. Rxd5 b4 21. axb4 Bxb4 22. Nd3 Bd6 23. Rd1 Rfd8 24. Nc5 Nf4 25. Nxa6 Qc6 26. Nb4 Qa4 27. Bxf4 Ra8 28. c3 Be7 29. Bxe5 Rxd5 30. Rxd5 Bxb4 31. cxb4 Qxb4 32. Kc2 Qa4+ 33. Kd2 Qc4 34. Qb6 Qc8 35. h5 Qe8 36. h6 Qe7 37. Bc3 1-0

[Event "FICGS rapid A 000281 email"]
[Site "FICGS email"]
[Date "2022.03.16"]
[Round "1"]
[White "Talek, Jan"]
[Black "Quintero, Raul"]
[Result "0-1"]
[WhiteElo "1958"]
[BlackElo "1936"]
[PlyCount "24"]
[EventDate "2022.??.??"]
[EventType "tourn (rapid)"]
[EventRounds "6"]
[SourceTitle "Corr 2024"]
[Source "ChessBase"]
[SourceDate "2023.10.19"]
[SourceVersion "1"]
[SourceVersionDate "2023.10.19"]
[SourceQuality "1"]

1. e3 Nf6 2. d4 d6 3. c4 g6 4. Nf3 Bg7 5. Be2 0-0 6. 0-0 Nbd7 7. Nc3 e5 8. Qc2 c6 9. Rd1 exd4 10. Nxd4 Qe7 11. e4 h6 12. Bf4 Re8 0-1

[Event "FICGS rapid C 000275 email"]
[Site "FICGS email"]
[Date "2021.11.15"]
[Round "1"]
[White "Nurcahyo, Dery"]
[Black "Quintero, Raul"]
[Result "0-1"]
[WhiteElo "1616"]
[BlackElo "1835"]
[PlyCount "60"]
[EventDate "2021.??.??"]
[EventType "tourn (rapid)"]
[EventRounds "4"]
[SourceTitle "Corr 2024"]
[Source "ChessBase"]
[SourceDate "2023.10.19"]
[SourceVersion "1"]
[SourceVersionDate "2023.10.19"]
[SourceQuality "1"]

1. c4 c5 2. Nf3 Nf6 3. Nc3 Nc6 4. e3 d5 5. d4 cxd4 6. Nxd4 e5 7. Nxc6 bxc6 8. Be2 d4 9. exd4 exd4 10. Na4 Bb4+ 11. Bd2 Bd6 12. c5 Be5 13. Bd3 Be6 14. Qf3 0-0 15. 0-0 Qc7 16. h3 Bd5 17. Qf5 Rae8 18. Bc2 Ne4 19. Bxe4 Bxe4 20. Qg4 f5 21. Qd1 Bd5 22. f4 Bf6 23. g3 Qf7 24. b3 d3 25. Rb1 Re2 26. Bc3 Rg2+ 27. Kh1 Rxg3+ 28. Kh2 Rg2+ 29. Kh1 Re2+ 30. Kg1 Qg6# 0-1

[Event "FICGS rapid C 000275 email"]
[Site "FICGS email"]
[Date "2021.11.15"]
[Round "1"]
[White "Trigance, Emile"]
[Black "Quintero, Raul"]
[Result "0-1"]
[WhiteElo "1761"]
[BlackElo "1835"]
[PlyCount "62"]
[EventDate "2021.??.??"]
[EventType "tourn (rapid)"]
[EventRounds "4"]
[SourceTitle "Corr 2024"]
[Source "ChessBase"]
[SourceDate "2023.10.19"]
[SourceVersion "1"]
[SourceVersionDate "2023.10.19"]
[SourceQuality "1"]

1. Nf3 Nf6 2. c4 c5 3. d4 cxd4 4. Nxd4 Nc6 5. Nc3 g6 6. e4 d6 7. Be2 Bg7 8. Nb3 0-0 9. 0-0 Be6 10. Be3 Rc8 11. Nd2 Nd7 12. Nf3 Na5 13. Nd5 Nxc4 14. Bd4 Nxb2 15. Bxb2 Bxb2 16. Rb1 Bxd5 17. exd5 Bf6 18. Rxb7 Rc7 19. Rxc7 Qxc7 20. Qd2 Rc8 21. a4 Nc5 22. Bb5 a6 23. Bc6 Rb8 24. h3 e5 25. Qh6 Bg7 26. Qd2 Qe7 27. Rd1 e4 28. Nd4 Qf6 29. Qe3 Rb2 30. Ne2 Qh4 31. Qg3 Qh5 0-1

[Event "FICGS theme 0002 email"]
[Site "FICGS email"]
[Date "2020.08.13"]
[Round "1"]
[White "Csoma, Robert"]
[Black "Quintero, Raul"]
[Result "0-1"]
[WhiteElo "1710"]
[BlackElo "1822"]
[PlyCount "82"]
[EventDate "2020.??.??"]
[EventType "swiss (corr)"]
[EventRounds "1"]
[SourceTitle "Corr 2022"]
[Source "ChessBase"]
[SourceDate "2021.10.24"]
[SourceVersion "1"]
[SourceVersionDate "2021.10.24"]
[SourceQuality "1"]

1. c4 Nf6 2. Nc3 c5 3. g3 d5 4. cxd5 Nxd5 5. Bg2 Nc7 6. Nf3 Nc6 7. 0-0 e5 8. d3 f6 9. b3 Be7 10. Bb2 0-0 11. Rc1 Bg4 12. Qd2 Qd7 13. Ne4 b6 14. Kh1 f5 15. Nc3 Rad8 16. Qc2 Bxf3 17. exf3 Nb4 18. Qb1 Nxd3 19. Rcd1 Rf6 20. Kg1 Rd6 21. Ne2 Ne6 22. Nc1 Nxb2 23. Rxd6 Qxd6 24. Qxb2 Bf6 25. Bh3 e4 26. Qe2 Nd4 27. Qa6 Nxf3+ 28. Kh1 Bd4 29. Bxf5 Nd2 30. Rd1 e3 31. Bh3 Ne4 32. Nd3 Qc6 33. Bg2 Rf8 34. fxe3 Nxg3+ 35. hxg3 Qh6+ 36. Kg1 Bxe3+ 37. Nf2 Bxf2+ 38. Kf1 Bd4+ 39. Ke1 Qe3+ 40. Qe2 Qxg3+ 41. Kd2 Qc3# 0-1

[Event "FICGS theme 0002 email"]
[Site "FICGS email"]
[Date "2020.08.13"]
[Round "1"]
[White "Quintero, Raul"]
[Black "Chernov, Andrey"]
[Result "1-0"]
[WhiteElo "1822"]
[BlackElo "1800"]
[PlyCount "35"]
[EventDate "2020.??.??"]
[EventType "swiss (corr)"]
[EventRounds "1"]
[SourceTitle "Corr 2022"]
[Source "ChessBase"]
[SourceDate "2021.10.24"]
[SourceVersion "1"]
[SourceVersionDate "2021.10.24"]
[SourceQuality "1"]

1. c4 Nf6 2. Nc3 c5 3. g3 d5 4. cxd5 Nxd5 5. Bg2 Nc7 6. Qb3 Nc6 7. d3 e6 8. Nf3 Be7 9. 0-0 0-0 10. Bf4 a6 11. a3 h6 12. Rac1 Bd7 13. Ne4 Nd5 14. Nxc5 b5 15. Bd2 Bxc5 16. Rxc5 Qf6 17. e3 Rac8 18. d4 1-0

[Event "FICGS no engines 00 email"]
[Site "FICGS email"]
[Date "2020.07.30"]
[Round "1"]
[White "Chernov, Andrey"]
[Black "Quintero, Raul"]
[Result "0-1"]
[WhiteElo "1800"]
[BlackElo "1822"]
[PlyCount "54"]
[EventDate "2020.??.??"]
[EventType "swiss (corr)"]
[EventRounds "1"]
[SourceTitle "Corr 2022"]
[Source "ChessBase"]
[SourceDate "2021.10.24"]
[SourceVersion "1"]
[SourceVersionDate "2021.10.24"]
[SourceQuality "1"]

1. e4 e5 2. Nf3 Nc6 3. Be2 Nf6 4. Nc3 Bb4 5. Nd5 Nxe4 6. Nxb4 Nxb4 7. 0-0 0-0 8. Nxe5 d6 9. Nf3 Bf5 10. d3 Nf6 11. a3 Nc6 12. Be3 h6 13. Qd2 Re8 14. Rae1 Ng4 15. Bf4 Qd7 16. h3 Nge5 17. Nxe5 Nxe5 18. Bxe5 Rxe5 19. Bf3 Rxe1 20. Rxe1 c6 21. Qe3 b6 22. Qe7 Rd8 23. Qxd7 Rxd7 24. Re8+ Kh7 25. Be4 Kg6 26. Bxf5+ Kxf5 27. f3 c5 0-1

[Event "FICGS no engines 00 email"]
[Site "FICGS email"]
[Date "2020.07.30"]
[Round "1"]
[White "Quintero, Raul"]
[Black "Aahlad, Yeturu"]
[Result "0-1"]
[WhiteElo "1822"]
[BlackElo "2217"]
[PlyCount "62"]
[EventDate "2020.??.??"]
[EventType "swiss (corr)"]
[EventRounds "1"]
[SourceTitle "Corr 2022"]
[Source "ChessBase"]
[SourceDate "2021.10.24"]
[SourceVersion "1"]
[SourceVersionDate "2021.10.24"]
[SourceQuality "1"]

1. e4 e5 2. Nf3 Nc6 3. Bb5 a6 4. Ba4 Nf6 5. d3 b5 6. Bb3 Bc5 7. h3 0-0 8. c3 d5 9. Nbd2 dxe4 10. Nxe4 Nxe4 11. 0-0 Nf6 12. Nxe5 Nxe5 13. d4 Bd6 14. dxe5 Bxe5 15. Qc2 c5 16. Rd1 Qc7 17. Bd5 Nxd5 18. Rxd5 Bb7 19. Rd1 Qc6 20. f3 Rfe8 21. Bd2 c4 22. Be1 Qf6 23. a4 Qf4 24. axb5 Qh2+ 25. Kf1 Qh1+ 26. Kf2 Bh2 27. Bd2 Re2+ 28. Kxe2 Qxg2+ 29. Ke3 Qxf3+ 30. Kd4 Qd5+ 31. Ke3 Re8+ 0-1

[Event "FICGS no engines 00 email"]
[Site "FICGS email"]
[Date "2020.07.30"]
[Round "1"]
[White "Quintero, Raul"]
[Black "Niglio, Biagio"]
[Result "0-1"]
[WhiteElo "1822"]
[BlackElo "1433"]
[PlyCount "62"]
[EventDate "2020.??.??"]
[EventType "swiss (corr)"]
[EventRounds "1"]
[SourceTitle "Corr 2022"]
[Source "ChessBase"]
[SourceDate "2021.10.24"]
[SourceVersion "1"]
[SourceVersionDate "2021.10.24"]
[SourceQuality "1"]

1. d4 Nf6 2. Bf4 g6 3. h3 Bg7 4. e3 0-0 5. Bd3 d6 6. Nf3 Nbd7 7. 0-0 Re8 8. c3 e5 9. Bg5 e4 10. Bc2 exf3 11. Qxf3 h6 12. Bh4 Rb8 13. Nd2 b6 14. Rfe1 Bb7 15. Qe2 Rc8 16. Bb3 c5 17. g4 g5 18. Bg3 cxd4 19. cxd4 Nf8 20. Nc4 Ba6 21. d5 Ng6 22. Rac1 Ne4 23. Bh2 Be5 24. Qf3 Bxh2+ 25. Kxh2 Bxc4 26. Rxc4 Nd2 27. Qe2 Nxc4 28. Bxc4 Ne5 29. Bb3 Qf6 30. Kg2 Ng6 31. Rf1 Nf4+ 0-1

[Event "FICGS rapid C 000242 email"]
[Site "FICGS email"]
[Date "2020.07.26"]
[Round "1"]
[White "Autobello, Giovanni"]
[Black "Quintero, Raul"]
[Result "0-1"]
[WhiteElo "1567"]
[BlackElo "1822"]
[PlyCount "88"]
[EventDate "2020.??.??"]
[EventType "tourn (rapid)"]
[EventRounds "4"]
[SourceTitle "Corr 2022"]
[Source "ChessBase"]
[SourceDate "2021.10.24"]
[SourceVersion "1"]
[SourceVersionDate "2021.10.24"]
[SourceQuality "1"]

1. c4 c5 2. g3 Nf6 3. Bg2 d5 4. cxd5 Nxd5 5. e4 Nc7 6. Nf3 Nc6 7. 0-0 e5 8. Nc3 Be7 9. d3 0-0 10. Be3 Be6 11. Rc1 Qd7 12. Qd2 b6 13. Rfd1 Rad8 14. a3 Bb3 15. Re1 f6 16. Nh4 Qxd3 17. Qxd3 Rxd3 18. Bf1 Rdd8 19. Nf5 Rf7 20. Nxe7+ Rxe7 21. Bb5 Nxb5 22. Nxb5 Kf7 23. Nc3 Nd4 24. Kg2 a5 25. f4 Nc2 26. Re2 Nxe3+ 27. Rxe3 exf4 28. gxf4 Rd2+ 29. Kg3 Rxb2 30. a4 Rd7 31. h4 h5 32. e5 f5 33. Rg1 Rd4 34. Ra1 Rdd2 35. Rg1 Be6 36. Kf3 Rf2+ 37. Kg3 g5 38. hxg5 h4+ 39. Kxh4 Rxf4+ 40. Kh3 Rc4 41. g6+ Kg7 42. Rd3 f4+ 43. Kh4 Kh6 44. Rh1 Rg2 0-1

[Event "FICGS rapid C 000242 email"]
[Site "FICGS email"]
[Date "2020.07.26"]
[Round "1"]
[White "Quintero, Raul"]
[Black "Leurette, Marc Antoine"]
[Result "1-0"]
[WhiteElo "1822"]
[BlackElo "1650"]
[PlyCount "67"]
[EventDate "2020.??.??"]
[EventType "tourn (rapid)"]
[EventRounds "4"]
[SourceTitle "Corr 2022"]
[Source "ChessBase"]
[SourceDate "2021.10.24"]
[SourceVersion "1"]
[SourceVersionDate "2021.10.24"]
[SourceQuality "1"]

1. Nf3 d5 2. c4 e6 3. g3 Nf6 4. Bg2 c6 5. b3 Nbd7 6. Bb2 Be7 7. 0-0 0-0 8. e3 a6 9. d4 dxc4 10. bxc4 c5 11. Nbd2 b5 12. Qc2 Rb8 13. Rfc1 Bb7 14. cxb5 cxd4 15. Bxd4 axb5 16. a3 Rc8 17. Qb2 Rxc1+ 18. Rxc1 Bxf3 19. Bxf3 Qb8 20. Ne4 Nxe4 21. Bxe4 f6 22. Qb3 Qd6 23. Qxb5 f5 24. Bg2 Rb8 25. Bb7 Bf6 26. a4 Bxd4 27. exd4 Qxd4 28. a5 Ne5 29. Qb3 Re8 30. a6 Nd3 31. Rf1 Nc5 32. Qb6 Qc4 33. Qc6 Rd8 34. a7 1-0

[Event "FICGS rapid C 000242 email"]
[Site "FICGS email"]
[Date "2020.07.26"]
[Round "1"]
[White "Quintero, Raul"]
[Black "Vollmer, Steve"]
[Result "1-0"]
[WhiteElo "1822"]
[BlackElo "1711"]
[PlyCount "69"]
[EventDate "2020.??.??"]
[EventType "tourn (rapid)"]
[EventRounds "4"]
[SourceTitle "Corr 2022"]
[Source "ChessBase"]
[SourceDate "2021.10.24"]
[SourceVersion "1"]
[SourceVersionDate "2021.10.24"]
[SourceQuality "1"]

1. d4 Nf6 2. Bf4 d5 3. e3 g6 4. h3 Bg7 5. Nd2 c6 6. Ngf3 Nbd7 7. Be2 0-0 8. 0-0 b6 9. c3 Bb7 10. Qc2 Qc8 11. Rfe1 Ba6 12. Rac1 Bxe2 13. Rxe2 Qb7 14. e4 dxe4 15. Nxe4 Nd5 16. Bh2 b5 17. a3 Rac8 18. Ne5 a5 19. a4 Bh6 20. Nxd7 Qxd7 21. Ra1 b4 22. Nc5 Qa7 23. c4 Nf6 24. Nb3 Rfe8 25. Re5 c5 26. Nxc5 Nd7 27. Nxd7 Qxd7 28. Rd1 Qa7 29. Rb5 Bg7 30. d5 Rc5 31. Qe4 Rd8 32. Qe3 Rdc8 33. b3 Bf8 34. Be5 h5 35. Bd4 1-0

[Event "FICGS rapid B 000349 email"]
[Site "FICGS email"]
[Date "2020.07.21"]
[Round "1"]
[White "Pernigotti, Nicolas"]
[Black "Quintero, Raul"]
[Result "0-1"]
[WhiteElo "2000"]
[BlackElo "1822"]
[PlyCount "22"]
[EventDate "2020.??.??"]
[EventType "tourn (rapid)"]
[EventRounds "6"]
[SourceTitle "Corr 2022"]
[Source "ChessBase"]
[SourceDate "2021.10.24"]
[SourceVersion "1"]
[SourceVersionDate "2021.10.24"]
[SourceQuality "1"]

1. d4 Nf6 2. c4 e6 3. Nc3 Bb4 4. Qc2 0-0 5. a3 Bxc3+ 6. bxc3 b6 7. e4 d6 8. f4 Bb7 9. Bd3 h6 10. Nf3 c5 11. e5 dxe5 0-1

[Event "FICGS unrated 00005 email"]
[Site "FICGS email"]
[Date "2020.07.17"]
[Round "1"]
[White "Quintero, Raul"]
[Black "Autobello, Giovanni"]
[Result "1-0"]
[WhiteElo "1822"]
[BlackElo "1567"]
[PlyCount "43"]
[EventDate "2020.??.??"]
[EventType "swiss (corr)"]
[EventRounds "1"]
[SourceTitle "Corr 2022"]
[Source "ChessBase"]
[SourceDate "2021.10.24"]
[SourceVersion "1"]
[SourceVersionDate "2021.10.24"]
[SourceQuality "1"]

1. e4 c5 2. Nf3 d6 3. d4 cxd4 4. Nxd4 Nf6 5. Nc3 a6 6. Be2 e6 7. 0-0 Be7 8. Be3 0-0 9. f4 Nc6 10. Kh1 Nxd4 11. Qxd4 b5 12. Bf3 Rb8 13. e5 dxe5 14. Qa7 Qd6 15. Rad1 Nd5 16. Bxd5 exd5 17. fxe5 Qxe5 18. Bf4 Rb7 19. Qxb7 Qxf4 20. Qxe7 Qc4 21. Nxd5 Qxa2 22. Rxf7 1-0

[Event "FICGS unrated 00005 email"]
[Site "FICGS email"]
[Date "2020.07.17"]
[Round "1"]
[White "Quintero, Raul"]
[Black "Pech, Jaroslav Sr"]
[Result "1-0"]
[WhiteElo "1822"]
[BlackElo "1786"]
[PlyCount "119"]
[EventDate "2020.??.??"]
[EventType "swiss (corr)"]
[EventRounds "1"]
[SourceTitle "Corr 2022"]
[Source "ChessBase"]
[SourceDate "2021.10.24"]
[SourceVersion "1"]
[SourceVersionDate "2021.10.24"]
[SourceQuality "1"]

1. d4 d5 2. Bf4 Nf6 3. e3 c5 4. c3 Nc6 5. Nd2 Bf5 6. h3 Qb6 7. Qc1 cxd4 8. exd4 Rc8 9. g4 Bg6 10. Ngf3 Nb4 11. Kd1 Nc2 12. Rb1 Ne4 13. Rh2 Nxd2 14. Kxd2 Qf6 15. Bb5+ Kd8 16. Kd1 Nxd4 17. Nxd4 Bxb1 18. f3 a6 19. Ba4 Qg6 20. Ke1 h5 21. g5 e6 22. Qd2 Bc5 23. Be5 Ke7 24. Rg2 Rhd8 25. Kf2 b5 26. Bd1 Qh7 27. Qe3 Kf8 28. h4 Qd3 29. Qxd3 Bxd3 30. f4 g6 31. Bf6 Rd7 32. a3 a5 33. Rg3 Be4 34. Be2 b4 35. a4 Bd6 36. Ba6 Ra8 37. Bb5 Rc7 38. Be5 Bxe5 39. fxe5 bxc3 40. bxc3 Rac8 41. Ba6 Rb8 42. Bb5 Kg7 43. Ke1 Rcc8 44. Kd2 Bf5 45. Rg1 Rc7 46. Rf1 Rbc8 47. Rc1 Be4 48. Ba6 Rb8 49. Bb5 Kf8 50. Nb3 Ra8 51. Ke3 Bf5 52. Nd4 Bg4 53. Kd2 Bh3 54. Rd1 Bf5 55. Rc1 Be4 56. Rf1 Kg7 57. Rc1 Rc5 58. Ra1 Bg2 59. Re1 Rac8 60. Ba6 1-0

[Event "FICGS class C 000327 email"]
[Site "FICGS email"]
[Date "2020.07.07"]
[Round "1"]
[White "Quintero, Raul"]
[Black "Wyborn, Graham"]
[Result "0-1"]
[WhiteElo "1822"]
[BlackElo "2059"]
[PlyCount "62"]
[EventDate "2020.??.??"]
[EventType "tourn (corr)"]
[EventRounds "1"]
[SourceTitle "Corr 2022"]
[Source "ChessBase"]
[SourceDate "2021.10.24"]
[SourceVersion "1"]
[SourceVersionDate "2021.10.24"]
[SourceQuality "1"]

1. Nf3 Nf6 2. b3 d5 3. Bb2 Bf5 4. e3 e6 5. Be2 h6 6. d3 Be7 7. Nbd2 0-0 8. a3 c5 9. 0-0 Nc6 10. c4 d4 11. exd4 a5 12. dxc5 Bxd3 13. Bxd3 Qxd3 14. Rc1 Rfd8 15. Qc2 Qxc2 16. Rxc2 Nd7 17. Ne4 f5 18. Nd6 Nxc5 19. Nb5 Rd3 20. Rc3 Rad8 21. Re1 g5 22. h3 Rd1 23. Rce3 Rxe1+ 24. Rxe1 Kf7 25. Nbd4 Nxd4 26. Nxd4 Nd3 27. Nxe6 Nxe1 28. Nxd8+ Bxd8 29. Kf1 Nc2 30. Ke2 Bf6 31. Bc1 Nd4+ 0-1

[Event "FICGS rapid B 000348 email"]
[Site "FICGS email"]
[Date "2020.07.01"]
[Round "1"]
[White "Quintero, Raul"]
[Black "Spagnoli, Vincenzo"]
[Result "0-1"]
[WhiteElo "1863"]
[BlackElo "2000"]
[PlyCount "44"]
[EventDate "2020.??.??"]
[EventType "tourn (rapid)"]
[EventRounds "6"]
[SourceTitle "Corr 2022"]
[Source "ChessBase"]
[SourceDate "2021.10.24"]
[SourceVersion "1"]
[SourceVersionDate "2021.10.24"]
[SourceQuality "1"]

1. b3 e5 2. e3 d5 3. Bb2 Bd6 4. Na3 a6 5. c4 c6 6. Be2 Nf6 7. Nf3 Qe7 8. Nc2 e4 9. Ng1 dxc4 10. bxc4 0-0 11. d4 Be6 12. g4 Rd8 13. g5 Nfd7 14. h4 Ne5 15. Kf1 Nxc4 16. Bxc4 Bxc4+ 17. Kg2 Nd7 18. Nh3 Nb6 19. h5 Na4 20. Rb1 Bxa2 21. Ra1 Nxb2 22. Qc1 Nd3 0-1